000 005410000a22001690004500
001 768714001
003 CO-MdFUSB
005 20170614115125.0
008 170614s2001 xxu||||| |||| 00| 0 spa d
040 _aCO-MdFUSB
_bspa
_cCO-MdFUSB
_dCO-MdFUSB
041 _aspa
245 1 0 _a"Si alguno está en Cristo, nueva criatura es" 2 Corintios 5:17
300 _aNúmero 13, (2001), Páginas 24-25
_c28 cm.
546 _aTexto en español
773 0 _tBuenas Noticias
_049455
_960504
_gNúmero 13, (2001), Páginas 24-25
_qPágina 24
942 _cANA
999 _c51081
_d51081